Microwave solid-state masers
Some introductory matters, the international structure and energy levels of atoms, the magnetic properties of atoms, the energy levels of paramagnetic maser materials, paramagnetic: the dynamics of spin systems, the three-level solid-state maser, traveling-wave masers, noise-in masers and in general...
Guardado en:
| Autor principal: | |
|---|---|
| Formato: | Libro |
| Lenguaje: | Undetermined |
| Publicado: |
New York
McGraw-Hill
1964
|
| Materias: | |
| Etiquetas: |
Agregar Etiqueta
Sin Etiquetas, Sea el primero en etiquetar este registro!
|
| Thư viện lưu trữ: | Trung tâm Học liệu Trường Đại học Cần Thơ |
|---|
| LEADER | 00839nam a2200193Ia 4500 | ||
|---|---|---|---|
| 001 | CTU_219206 | ||
| 008 | 210402s9999 xx 000 0 und d | ||
| 082 | |a 621.3815 | ||
| 082 | |b S571 | ||
| 100 | |a Siegman, A. E. | ||
| 245 | 0 | |a Microwave solid-state masers | |
| 245 | 0 | |c A. E. Siegman | |
| 260 | |a New York | ||
| 260 | |b McGraw-Hill | ||
| 260 | |c 1964 | ||
| 520 | |a Some introductory matters, the international structure and energy levels of atoms, the magnetic properties of atoms, the energy levels of paramagnetic maser materials, paramagnetic: the dynamics of spin systems, the three-level solid-state maser, traveling-wave masers, noise-in masers and in general and practical aspects of microwave masers. | ||
| 650 | |a Masers,Vật liệu maser | ||
| 904 | |i Hải | ||
| 980 | |a Trung tâm Học liệu Trường Đại học Cần Thơ | ||